| 000 | 00611nam a2200205 i 4500 | ||
|---|---|---|---|
| 001 | 79918 | ||
| 003 | ES-MaACL | ||
| 005 | 20250815140939.0 | ||
| 007 | t| | ||
| 008 | 041025s1973 sp f |||| | spa d | ||
| 100 | 1 |
_aHess, Manfred. _963462 |
|
| 245 | 1 | 0 |
_aDefectos de las capas de pintura / _cMandred Hess ; versión, Carlos Cerdam Quadremy. |
| 250 | _a1ª ed. | ||
| 260 |
_aBarcelona : _bBlume, _c1973. |
||
| 300 |
_aXX, 738 p., 24 lám. ; _c25 cm. |
||
| 650 | 7 |
_aPintura industrial _2embne _9167513 |
|
| 700 | 1 |
_aCerdam Quadremy, Carlos. _937469 |
|
| 852 |
_aES-MaACL _jC-54214 |
||
| 999 |
_c79918 _d79918 |
||